000 00830cam a2200265 4500
001 9561
003 BD-RjUL
005 20211208234811.0
008 140121s1965 nyu b 000 0 eng
035 _a(BD-RjUL) 9606
040 _aDLC
_cDLC
_dDLC
_dBD-RjUL
_beng
041 0 _aengfregerrus
082 0 0 _a540.76
_bBRC 1965
100 1 _aBrown, M. G.
_qMichael George.
_929625
245 1 0 _aCritical readings in chemistry /
_c[by] M. G. Brown.
260 _aNew York ;
_bHoughton Mifflin,
_c1965.
300 _axii, 91 p. ;
_c22 cm.
490 0 _aConcepts in chemistry
500 _aForeign language exercises (p. 64-85): in French, German, or Russian.
504 _aBibliography: p. 86-87.
650 0 _aChemistry
_xProblems, exercises, etc.
_929626
942 _2ddc
_cBK
999 _c9561
_d9561